[Event "Treviso Master op 3rd"]
[Site "Treviso"]
[Date "2019.03.30"]
[Round "3.9"]
[White "Loiacono, Antonio"]
[Black "Piccinno, Matteo"]
[Result "1-0"]
[WhiteElo "2206"]
[BlackElo "2041"]
[PlyCount "53"]
[EventDate "2019.03.29"]
[EventType "swiss"]
[EventRounds "5"]
[EventCountry "ITA"]
[SourceTitle "EXT 2024"]
[Source "ChessBase"]
[SourceDate "2023.10.10"]
[SourceVersion "1"]
[SourceVersionDate "2023.10.10"]
[SourceQuality "1"]

1. Nf3 Nf6 2. b3 g6 3. Bb2 Bg7 4. g3 d6 5. Bg2 e5 6. d3 0-0 7. 0-0 c5 8. e4 Nc6 9. Nbd2 b5 10. a4 b4 11. Nc4 Be6 12. Ne3 Nd4 13. Ng5 Bh6 14. Nxe6 Nxe6 15. Nc4 Nh5 16. Kh1 a5 17. Bc1 Bxc1 18. Rxc1 Ra6 19. Qd2 Kg7 20. Qe3 h6 21. Bh3 Qf6 22. f3 Qe7 23. Rf2 Qg5 24. Rcf1 Qxe3 25. Nxe3 g5 26. Nd5 Nf6 27. Bxe6 1-0

[Event "ITA-ch U20 sf"]
[Site "Alessandria"]
[Date "2018.07.21"]
[Round "1.4"]
[White "Favaloro, Andrea"]
[Black "Piccinno, Matteo"]
[Result "1/2-1/2"]
[WhiteElo "2223"]
[BlackElo "1957"]
[PlyCount "81"]
[EventDate "2018.07.21"]
[EventType "swiss"]
[EventRounds "9"]
[EventCountry "ITA"]
[SourceTitle "EXT 2023"]
[Source "ChessBase"]
[SourceDate "2022.10.05"]
[SourceVersion "1"]
[SourceVersionDate "2022.10.05"]
[SourceQuality "1"]

1. Nf3 Nf6 2. g3 g6 3. Bg2 Bg7 4. c4 0-0 5. d4 d6 6. 0-0 Nbd7 7. Nc3 e5 8. e4 c6 9. Rb1 a5 10. Re1 Qc7 11. h3 Re8 12. Be3 b6 13. Qc2 Ba6 14. b3 Rad8 15. dxe5 dxe5 16. Na4 Qb7 17. b4 axb4 18. Rxb4 b5 19. Rbb1 Qa8 20. Nb2 Nf8 21. c5 h6 22. Bd2 Ne6 23. Nd3 Nd4 24. Nxd4 Rxd4 25. Nb2 Rdd8 26. Ba5 Rd7 27. Nd3 Bb7 28. Bc3 Nh7 29. h4 Nf8 30. Bh3 Rdd8 31. Rbd1 Bc8 32. Bg2 h5 33. Qb2 f6 34. f4 Bg4 35. Rd2 Nd7 36. Rf2 Kh7 37. Ref1 Re7 38. Qc2 Qa7 39. Bd2 Ra8 40. Be3 Qc7 41. Kh2 1/2-1/2

[Event "Treviso Lega Master op 2nd"]
[Site "Treviso"]
[Date "2018.04.03"]
[Round "2"]
[White "Piccinno, Matteo"]
[Black "Loiacono, Antonio"]
[Result "0-1"]
[WhiteElo "1987"]
[BlackElo "2182"]
[PlyCount "68"]
[EventDate "2018.03.02"]
[EventType "swiss"]
[EventRounds "5"]
[EventCountry "ITA"]
[SourceTitle "EXT 2022"]
[Source "ChessBase"]
[SourceDate "2021.10.06"]
[SourceVersion "1"]
[SourceVersionDate "2021.10.06"]
[SourceQuality "1"]

1. e4 e5 2. Nf3 Nc6 3. Bc4 Bc5 4. b4 Bxb4 5. c3 Be7 6. d4 Na5 7. Nxe5 Nxc4 8. Nxc4 d5 9. exd5 Qxd5 10. Ne3 Qd7 11. 0-0 Nf6 12. Re1 0-0 13. Ba3 Bxa3 14. Nxa3 b5 15. Qb3 a6 16. Rad1 Qd6 17. c4 c6 18. d5 cxd5 19. cxd5 Bd7 20. Nac2 Rfe8 21. Qb4 Qxb4 22. Nxb4 Kf8 23. Nd3 Rac8 24. Rc1 Ne4 25. f3 Nc3 26. Kf2 a5 27. a3 f6 28. Rc2 Na4 29. Rec1 Ke7 30. Ke2 Kd6 31. Kd2 Rxc2+ 32. Rxc2 g6 33. Nc1 Nc5 34. Nd3 Nb3+ 0-1

[Event "ITA-ch blitz"]
[Site "Chianciano Terme"]
[Date "2018.04.01"]
[Round "1"]
[White "Mogranzini, Roberto"]
[Black "Piccinno, Matteo"]
[Result "1-0"]
[WhiteElo "2486"]
[BlackElo "1987"]
[PlyCount "155"]
[EventDate "2018.04.01"]
[EventType "swiss (blitz)"]
[EventRounds "11"]
[EventCountry "ITA"]
[SourceTitle "CBM 183 Extra"]
[Source "ChessBase"]
[SourceDate "2018.04.19"]
[SourceVersion "1"]
[SourceVersionDate "2018.04.19"]
[SourceQuality "1"]

1. Nf3 d5 2. c4 e6 3. g3 Nf6 4. Bg2 c5 5. 0-0 Nc6 6. b3 Be7 7. Bb2 0-0 8. cxd5 Nxd5 9. d4 cxd4 10. Nxd4 Nxd4 11. Qxd4 Bf6 12. Qd2 Bxb2 13. Qxb2 Qf6 14. Qxf6 Nxf6 15. Na3 a6 16. Nc4 Rb8 17. Na5 Nd5 18. Rac1 Bd7 19. Bxd5 exd5 20. Rfd1 Be6 21. Rd2 Rbc8 22. Rxc8 Rxc8 23. Nxb7 Rc6 24. f3 Rc7 25. Na5 Rc5 26. b4 Rc1+ 27. Kg2 Kf8 28. Nb7 Ke7 29. Nc5 a5 30. Nb3 Rc4 31. bxa5 Kd6 32. Kf2 Kc6 33. h4 Kb7 34. Nd4 Ka6 35. f4 g6 36. Nf3 f6 37. Nd4 Bf7 38. g4 Kxa5 39. e3 Ka4 40. Rb2 Rc5 41. Rb7 Bg8 42. Rg7 Rc8 43. Rb7 Ka5 44. Kf3 Ka6 45. Rb2 Re8 46. g5 f5 47. a4 Ka5 48. Ra2 Kb4 49. a5 Ra8 50. a6 Kc5 51. Rc2+ Kb6 52. Rc6+ Ka5 53. h5 Rxa6 54. Rc8 Bf7 55. Rc7 Bg8 56. Rc8 Bf7 57. Rf8 Ra7 58. h6 Kb6 59. Rc8 Rb7 60. Rc6+ Ka7 61. Rf6 Rc7 62. Nc6+ Kb7 63. Ne5 Bg8 64. Rf8 Be6 65. Re8 Bf7 66. Rf8 Be6 67. Rf6 Bg8 68. Ke2 Kc8 69. Rf8+ Kb7 70. Rxg8 Kb6 71. Rg7 Rc8 72. Rxh7 Kc5 73. Rg7 Kb4 74. Rxg6 Rd8 75. Rb6+ Kc5 76. Rc6+ Kb5 77. Rc2 d4 78. Rd2 1-0

[Event "EU-ch U10 26th"]
[Site "Prague"]
[Date "2016.08.27"]
[Round "9"]
[White "Piliposyan, Robert"]
[Black "Piccinno, Matteo"]
[Result "1/2-1/2"]
[WhiteElo "1701"]
[BlackElo "1772"]
[PlyCount "74"]
[EventDate "2016.08.18"]
[EventType "swiss"]
[EventRounds "9"]
[EventCountry "CZE"]
[SourceTitle "CBM 174 Extra"]
[Source "ChessBase"]
[SourceDate "2016.10.10"]
[SourceVersion "1"]
[SourceVersionDate "2016.10.10"]
[SourceQuality "1"]

1. d4 Nf6 2. Nf3 e6 3. g3 b6 4. Bg2 Bb7 5. 0-0 Be7 6. c4 0-0 7. Nc3 d6 8. Qc2 c5 9. d5 exd5 10. cxd5 Na6 11. e4 Nc7 12. a4 a6 13. Nh4 b5 14. axb5 Nxb5 15. Qd3 Nd7 16. Nxb5 Ne5 17. Qe2 axb5 18. Rxa8 Qxa8 19. Nf5 Re8 20. Bf4 Bf8 21. Bxe5 Rxe5 22. Qxb5 Bxd5 23. exd5 Rxf5 24. Re1 Qa7 25. Qc6 c4 26. Re2 Qd4 27. Qc8 Re5 28. Rxe5 Qxe5 29. Qxc4 Qxb2 30. Be4 Qe5 31. Bd3 Qe1+ 32. Kg2 Qe5 33. Qh4 h6 34. Qc4 g6 35. Be4 Bg7 36. Qb4 Bf8 37. f4 Qf6 1/2-1/2

[Event "EU-ch U10 26th"]
[Site "Prague"]
[Date "2016.08.26"]
[Round "8"]
[White "Piccinno, Matteo"]
[Black "Kolchin, Maxim"]
[Result "1-0"]
[WhiteElo "1772"]
[BlackElo "1590"]
[PlyCount "79"]
[EventDate "2016.08.18"]
[EventType "swiss"]
[EventRounds "9"]
[EventCountry "CZE"]
[SourceTitle "CBM 174 Extra"]
[Source "ChessBase"]
[SourceDate "2016.10.10"]
[SourceVersion "1"]
[SourceVersionDate "2016.10.10"]
[SourceQuality "1"]

1. d4 Nf6 2. Nf3 e6 3. c4 Bb4+ 4. Bd2 Qe7 5. a3 Bxd2+ 6. Nbxd2 b6 7. g3 Bb7 8. Bg2 0-0 9. 0-0 d6 10. Re1 Nbd7 11. e4 e5 12. Qc2 g6 13. Rad1 Nh5 14. Nf1 Ndf6 15. Nh4 Rae8 16. Ne3 c6 17. dxe5 dxe5 18. b4 Ng7 19. Bh3 Ne6 20. Bxe6 Qxe6 21. c5 Rd8 22. Nc4 Ba6 23. Nd6 Nh5 24. Qa4 Bc4 25. Qxa7 Bb3 26. Rd2 f5 27. exf5 gxf5 28. Rde2 f4 29. Rxe5 Qg4 30. f3 Qh3 31. Rxh5 Rd7 32. Nhf5 Qxf5 33. Rxf5 Rxa7 34. Rxf8+ Kxf8 35. Re8+ Kg7 36. cxb6 Rxa3 37. b7 Ra1+ 38. Kg2 Ra2+ 39. Kh3 Bc4 40. Nxc4 1-0

[Event "EU-ch U10 26th"]
[Site "Prague"]
[Date "2016.08.22"]
[Round "5"]
[White "Silich, Yahor"]
[Black "Piccinno, Matteo"]
[Result "1-0"]
[WhiteElo "1639"]
[BlackElo "1772"]
[PlyCount "75"]
[EventDate "2016.08.18"]
[EventType "swiss"]
[EventRounds "9"]
[EventCountry "CZE"]
[SourceTitle "CBM 174 Extra"]
[Source "ChessBase"]
[SourceDate "2016.10.10"]
[SourceVersion "1"]
[SourceVersionDate "2016.10.10"]
[SourceQuality "1"]

1. e4 e6 2. d3 d5 3. Nd2 Nf6 4. Ngf3 c5 5. g3 Nc6 6. Bg2 Bd6 7. 0-0 0-0 8. Qe2 Bc7 9. Re1 dxe4 10. dxe4 e5 11. c3 Qe7 12. Nc4 Be6 13. Bg5 Bxc4 14. Qxc4 b6 15. Nh4 Na5 16. Qf1 h6 17. Nf5 Qe6 18. Bh3 Kh7 19. Nxh6 Qc6 20. Ng4 Nxg4 21. Bxg4 c4 22. Qh3+ Kg8 23. Rad1 Bd8 24. Rxd8 Raxd8 25. Bf5 g6 26. Qh4 f6 27. Bxg6 Rd7 28. Bh6 Rfd8 29. Bf5 Re7 30. Qg4+ Kh8 31. Qh5 Kg8 32. Qg6+ Kh8 33. g4 Nb7 34. Bg5 Rd6 35. Re3 Rg7 36. Qh5+ Kg8 37. Bh6 Qc7 38. Qe8# 1-0

[Event "EU-ch U10 26th"]
[Site "Prague"]
[Date "2016.08.19"]
[Round "2"]
[White "Piccinno, Matteo"]
[Black "Larichev, Prokhor"]
[Result "1-0"]
[WhiteElo "1772"]
[BlackElo "1585"]
[PlyCount "99"]
[EventDate "2016.08.18"]
[EventType "swiss"]
[EventRounds "9"]
[EventCountry "CZE"]
[SourceTitle "CBM 174 Extra"]
[Source "ChessBase"]
[SourceDate "2016.10.10"]
[SourceVersion "1"]
[SourceVersionDate "2016.10.10"]
[SourceQuality "1"]

1. d4 d5 2. Nf3 c5 3. g3 Nc6 4. Bg2 Nf6 5. 0-0 e6 6. Bf4 Qb6 7. b3 cxd4 8. Ne5 Nd7 9. Nxd7 Bxd7 10. e4 dxe4 11. Bxe4 Bc5 12. Qg4 g6 13. Qh4 Be7 14. Qh6 Bf6 15. Nd2 e5 16. Bg5 Qd8 17. f4 exf4 18. Bxf6 Qxf6 19. Rxf4 Qd6 20. Nf3 0-0-0 21. Re1 Qc5 22. Bd3 Be6 23. Ng5 Qc3 24. Ref1 Ne5 25. Nxe6 fxe6 26. Be4 Qe3+ 27. Kh1 Nd7 28. Qh4 Nc5 29. Bg2 Qd2 30. Rf7 Rd7 31. Qf6 Rhd8 32. Rxd7 Nxd7 33. Qf3 Qb4 34. Qf4 Qb6 35. Re1 Nc5 36. Rd1 d3 37. cxd3 Nxd3 38. Rxd3 Rxd3 39. Qc4+ Qc7 40. Qxd3 Qc1+ 41. Qf1 Qb2 42. Qc4+ Kb8 43. Qf4+ e5 44. Qf8+ Kc7 45. Qe7+ Kb6 46. Qxb7+ Ka5 47. Qxa7+ Kb4 48. Qb6+ Kc3 49. Qc5+ Kd2 50. Qf2+ 1-0